000 01178namaa22003011i 4500
005 20260210125537.0
008 251116s1996 ua a|||frm||| 000 0 eng d
040 _aEG-GICUC
_beng
_cEG-GICUC
_dEG-GICUC
_erda
041 0 _aeng
_beng
_bara
049 _aDeposit
097 _aPh.D
099 _aCai01.02.12.Ph.D.1996.Ce.S.
100 0 _aCecile Raafat Tewfik,
_epreparation.
245 1 0 _aA Study Of The Role Of Spatial From In Four Of Charles Dicken's Novels /
_cBy Cecile Raafat Tewfik; Under The Supervision Of Prof.Angele Botros Samaan.
246 1 5 _aدراسة دور الفضاء في أربعة من روايات تشارلز ديكنز
264 0 _c1996.
300 _a311 Leaves :
_billustrations ;
_c30 cm. +
336 _2rda content
_atext
337 _2rdamedia
_aUnmediated
338 _2rdacarrier
_avolume
502 _aThesis (Ph.D)-Cairo University, 1996.
504 _aBibliography: pages 294-311.
653 0 _aEnglish
700 0 _aAngele Botros Samaan
_ethesis advisor.
900 _DDepartment of English
_FFaculty of Arts
_UCairo University
_b1996
_cAngele Botros Samaan
905 _aEman El gebaly
_eNourhan
942 _2ddc
_cTH
_e21
_n0
999 _c175903